Missing Word: The CW Shows (A-Z) Quiz Stats

 Plays Quiz Updated Jun 25, 2016

Challenge
Share
Tweet
Embed
Score 0/24 Timer 03:00
0 Plays Today
TV Show Missing Word % Correct
______ & the BeastBeauty
97.4%
____ Fu Panda HolidayKung
94.4%
America's ____ Top ModelNext
92.8%
What I Like About ___You
92.6%
_________ Hates ChrisEverybody
90.2%
One Tree ____Hill
89.8%
_____ Line Is It Anyway?Whose
87.5%
___ of UsAll
85.4%
8 Simple _____Rules
83.1%
Melrose _____Place
82.5%
Victoria's ______ Fashion ShowSecret
82.4%
____ the VirginJane
80.6%
TV Show Missing Word % Correct
The _______ DiariesVampire
79.3%
Penn & ______: Fool UsTeller
78%
The Jamie ____ ShowFoxx
64%
Hart of _____Dixie
63.1%
_____ Ex-GirlfriendCrazy
58.3%
______ GirlGossip
48%
_______ of TomorrowLegends
35.2%
Dream _____Quest
29.3%
Significant ______Mother
26.6%
Masters of ________Illusion
20.9%
Life __________Unexpected
15.3%
Emily _____ M.D.Owens
15%

Today's Daily Dose

You're not logged in!

Compare scores with friends on all Sporcle quizzes.
OR
Log In

You Might Also Like...

Show Comments

Extras

Top Quizzes Today


Score Distribution

Your Account Isn't Verified!

In order to create a playlist on Sporcle, you need to verify the email address you used during registration. Go to your Sporcle Settings to finish the process.

Report this User

Report this user for behavior that violates our Community Guidelines.

Details: